Doğu ve Güneydoğu sorunlarına bakışı ve çözüm önerileri (Record no. 15434)

MARC details
000 -BAŞLIK
Sabit Uzunlukta Kontrol Alanı 01061na a2200301 4500
999 ## - SİSTEM KONTROL NUMARALARI (KOHA)
Koha Biblionumber 15434
Koha Biblioitemnumber 15434
001 - KONTROL NUMARASI
Denetim Alanı 22348
003 - KONTROL NUMARASI IDENTIFIER
Denetim Alanı MIRAKIL
005 - SON İŞLEM TARİHİ VE ZAMANI
Denetim Alanı 20240216164307.0
008 - SABİT-BOY VERİ ELEMANLARI - GENEL BİLGİLER
Sabit Uzunlukta Kontrol Alanı 170213b tu 000 0
035 ## - SİSTEM KONTROL NUMARASI
Sistem Kontrol Numarası 22348
040 ## - KATALOGLAMA KAYNAK
Orijinal Kataloglama Ajansı Milas
Kataloglama Dili tur
Metne Dönüştürmek Ajansı TR-AnCHP
041 ## - DİL KODU
Metin / Ses Parça Veya Ayrı Başlığın Dil Kodu tur
090 ## - SINIFLAMA NUMARASI
Sınıflama Numarası SHP 18
110 ## - ANA GİRİŞ - KURUMSAL ADI
Giriş Elemanı Olarak Kurumsal Ad Veya Yargı Alanı Adı Sosyaldemokrat Halkçı Parti (SHP)
245 ## - BAŞLIK TABLOSU
Başlık Doğu ve Güneydoğu sorunlarına bakışı ve çözüm önerileri
Sorumluluk Tablosu, Vb Sosyaldemokrat Halkçı Parti Merkez Yürütme Kurulu
260 ## - YAYIN, DAĞITIM, VB
Yayın, Dağıtım, Vb Yeri Ankara
Yayıncı, Dağıtıcı, Vs Adı SHP
Yayın, Dağıtım, Vb Tarihi Temmuz 1990
300 ## - FİZİKSEL TANIM
Kapsam 40 p.
Boyutlar 19 cm.
440 ## - SERİSİ TABLOSU / KATMA GİRİŞİ - BAŞLIK
Başlık SHP yayınları
Bir İşin Parçası / Bölümün İsmi Politika önerileri
610 ## - KONU KATMA GİRİŞ - TOPLANTI ADI
Giriş Elemanı Olarak Kurumsal Ad Veya Yargı Alanı Adı SHP
Genel Alt Bölüm Doğu ve Güneydoğu politikaları
Kronolojik Alt Bölüm Öneriler
610 ## - KONU KATMA GİRİŞ - TOPLANTI ADI
Giriş Elemanı Olarak Kurumsal Ad Veya Yargı Alanı Adı SHP
Genel Alt Bölüm Doğu ve Güneydoğu sorunu
Kronolojik Alt Bölüm Çözüm önerileri
650 ## - KONU KATMA GİRİŞ - TOPİKAL DÖNEM
Topikal Süreli Veya Coğrafi Ad Giriş Elemanı Yargı reformu
650 ## - KONU KATMA GİRİŞ - TOPİKAL DÖNEM
Topikal Süreli Veya Coğrafi Ad Giriş Elemanı Sosyal demokrat partiler
Genel Alt Bölümü SHP
Kronolojik Alt Bölümü Doğu ve Güneydoğu Anadolu Bölgesi
Coğrafi Alt Bölümü Türkiye
830 ## - SERİSİ EKLENDİ GİRİŞ - ÜNİFORM ADI
Üniforma Başlık SHP politika önerileri
856 ## - ELEKTRONİK YER VE ERİŞİM
Kamu Notu Dijital Nüshası için Partimizin Kütüphane Sorumlusu ile iletişime geçiniz.
942 ## - EKLENDİ GİRİŞ ELEMANLARI (KOHA)
Sınıflandırma Veya Raf Düzeni Kaynak Dewey Decimal Classification
Koha Öğesi Türü Books
999 ## - SİSTEM KONTROL NUMARALARI (KOHA)
Koha Biblioitemnumber 9675

No items available.